Moons of Neptune - Statistics

General Stats
  • This quiz has been taken 476 times
  • The average score is 11 of 14
Answer Stats
Radius in km moon % Correct
1,353.4±0.9 Triton
100%
210±7 Proteus
85%
178.5±6.5 Nereid
83%
97±3 Larissa
78%
33±3 Naiad
77%
22 Sao
77%
30 Neso
75%
97±3 Galatea
74%
41±3 Thalassa
73%
75±3 Despina
72%
17.4 Hippocamp
72%
21 Laomedeia
65%
20 Psamathe
64%
31 Halimede
63%
No matching quizzes found
Score Distribution
Percent of People with Each Score
Percentile by Number Answered
Your Score History
You have not taken this quiz